000
00294nam a2200121Ia 4500
008
240109s9999 xx 000 0 und d
041
_a
eng
100
_a
Rathore P.S.
245
_a
discover the Power within
260
_b
Sterling Pub Ltd ,NewDelhi
300
_a
206
650
_a
Management
999
_c
1035735
_d
1035735